Which countries border which? Part 12 - Statistics

General Stats
  • This quiz has been taken 19 times
  • The average score is 9 of 10
Answer Stats
Neighbors Country % Correct
IndiaChina Bhutan / Nepal
100%
United Kingdom Ireland
100%
RussiaBelarus Poland Hungary Slovakia Moldova Romania Ukraine
100%
ArgentinaBrazil Uruguay
100%
East TimorMalaysia Papua New Guinea Indonesia
95%
Vietnamthailand Cambodia China Myanmar (Burma) Laos
95%
LibyaSudan Niger Nigeria Cameroon Central African Republic Chad
84%
SerbiaMontenegro Albania North Macedonia Kosovo
84%
Guinea-BissauSenegal Mali Ivory Coast Liberia Sierra Leone Guinea
68%
AngolaZimbabwe Botswana Namibia Mozambique Malawi Tanzania Democratic Republic Of Congo Zambia
68%
No matching quizzes found
Score Distribution
Percent of People with Each Score
Percentile by Number Answered
Your Score History
You have not taken this quiz